|
|
|
|
| LEADER |
02767nam a22005775i 4500 |
| 001 |
978-3-642-19328-6 |
| 003 |
DE-He213 |
| 005 |
20170112032505.0 |
| 007 |
cr nn 008mamaa |
| 008 |
110218s2011 gw | s |||| 0|eng d |
| 020 |
|
|
|a 9783642193286
|9 978-3-642-19328-6
|
| 024 |
7 |
|
|a 10.1007/978-3-642-19328-6
|2 doi
|
| 040 |
|
|
|d GrThAP
|
| 050 |
|
4 |
|a QA76.758
|
| 072 |
|
7 |
|a UMZ
|2 bicssc
|
| 072 |
|
7 |
|a UL
|2 bicssc
|
| 072 |
|
7 |
|a COM051230
|2 bisacsh
|
| 082 |
0 |
4 |
|a 005.1
|2 23
|
| 245 |
1 |
0 |
|a High Performance Computing for Computational Science – VECPAR 2010
|h [electronic resource] :
|b 9th International conference, Berkeley, CA, USA, June 22-25, 2010, Revised Selected Papers /
|c edited by José M. Laginha M. Palma, Michel Daydé, Osni Marques, João Correia Lopes.
|
| 264 |
|
1 |
|a Berlin, Heidelberg :
|b Springer Berlin Heidelberg :
|b Imprint: Springer,
|c 2011.
|
| 300 |
|
|
|a XIV, 470 p.
|b online resource.
|
| 336 |
|
|
|a text
|b txt
|2 rdacontent
|
| 337 |
|
|
|a computer
|b c
|2 rdamedia
|
| 338 |
|
|
|a online resource
|b cr
|2 rdacarrier
|
| 347 |
|
|
|a text file
|b PDF
|2 rda
|
| 490 |
1 |
|
|a Lecture Notes in Computer Science,
|x 0302-9743 ;
|v 6449
|
| 520 |
|
|
|a This book constitutes the thoroughly refereed post-conference proceedings of the 9th International Conference on High Performance Computing for Computational Science, VECPAR 2010, held in Berkeley, CA, USA, in June 2010. The 34 revised full papers presented together with five invited contributions were carefully selected during two rounds of reviewing and revision. The papers are organized in topical sections on linear algebra and solvers on emerging architectures, large-scale simulations, parallel and distributed computing, numerical algorithms. .
|
| 650 |
|
0 |
|a Computer science.
|
| 650 |
|
0 |
|a Computer communication systems.
|
| 650 |
|
0 |
|a Software engineering.
|
| 650 |
|
0 |
|a Computers.
|
| 650 |
|
0 |
|a Computer science
|x Mathematics.
|
| 650 |
|
0 |
|a Computer mathematics.
|
| 650 |
1 |
4 |
|a Computer Science.
|
| 650 |
2 |
4 |
|a Software Engineering/Programming and Operating Systems.
|
| 650 |
2 |
4 |
|a Theory of Computation.
|
| 650 |
2 |
4 |
|a Computer Communication Networks.
|
| 650 |
2 |
4 |
|a Mathematics of Computing.
|
| 650 |
2 |
4 |
|a Computational Science and Engineering.
|
| 700 |
1 |
|
|a Palma, José M. Laginha M.
|e editor.
|
| 700 |
1 |
|
|a Daydé, Michel.
|e editor.
|
| 700 |
1 |
|
|a Marques, Osni.
|e editor.
|
| 700 |
1 |
|
|a Lopes, João Correia.
|e editor.
|
| 710 |
2 |
|
|a SpringerLink (Online service)
|
| 773 |
0 |
|
|t Springer eBooks
|
| 776 |
0 |
8 |
|i Printed edition:
|z 9783642193279
|
| 830 |
|
0 |
|a Lecture Notes in Computer Science,
|x 0302-9743 ;
|v 6449
|
| 856 |
4 |
0 |
|u http://dx.doi.org/10.1007/978-3-642-19328-6
|z Full Text via HEAL-Link
|
| 912 |
|
|
|a ZDB-2-SCS
|
| 912 |
|
|
|a ZDB-2-LNC
|
| 950 |
|
|
|a Computer Science (Springer-11645)
|